|
|
|
|
| LEADER |
00000nlm2a2200000 4500 |
| 001 |
645004 |
| 005 |
20231102025351.0 |
| 035 |
|
|
|a (RuTPU)RU\TPU\network\10088
|
| 090 |
|
|
|a 645004
|
| 100 |
|
|
|a 20151208a2015 k y0engy50 ba
|
| 101 |
0 |
|
|a eng
|
| 102 |
|
|
|a GB
|
| 105 |
|
|
|a a z 100zy
|
| 135 |
|
|
|a drcn ---uucaa
|
| 181 |
|
0 |
|a i
|
| 182 |
|
0 |
|a b
|
| 200 |
0 |
|
|a Vol. 27 : Problems of Geology and Subsurface Development
|e XIX International Scientific Symposium in honor of Academician M. A. Usov, 6-10 April 2015, Tomsk, Russia
|
| 203 |
|
|
|a Text
|c electronic
|
| 210 |
|
|
|d 2015
|
| 300 |
|
|
|a Title screen
|
| 333 |
|
|
|a Режим доступа: по договору с организацией-держателем ресурса
|
| 461 |
|
1 |
|0 (RuTPU)RU\TPU\network\2499
|t IOP Conference Series: Earth and Environmental Science
|v Vol. 27 : Problems of Geology and Subsurface Development
|
| 606 |
1 |
|
|a Геология
|2 stltpush
|3 (RuTPU)RU\TPU\subj\6095
|9 34054
|
| 610 |
1 |
|
|a конференции
|
| 610 |
1 |
|
|a труды учёных ТПУ
|
| 610 |
1 |
|
|a электронный ресурс
|
| 675 |
|
|
|a 55(063)
|v 3
|
| 712 |
0 |
2 |
|a National Research Tomsk Polytechnic University (TPU)
|2 stltpush
|3 (RuTPU)RU\TPU\col\18773
|
| 712 |
1 |
2 |
|a Problems of Geology and Subsurface Development
|b International Scientific Symposium
|d 19
|e Tomsk
|f 2015
|
| 801 |
|
2 |
|a RU
|b 63413507
|c 20171012
|g RCR
|
| 856 |
4 |
|
|u http://iopscience.iop.org/1755-1315/27/1
|
| 942 |
|
|
|c CF
|